000 00609nam a2200205Ia 4500
003 GCL
008 140319s9999 xx 000 0 ara d
040 _aGCL /
_cGCL
082 0 4 _a823
_bل ا
100 1 _aنمير عباس مظفر
245 1 0 _aالثعلب /
_cنمير عباس مظفر
700 1 _aلورنس، دافيد هربرت
300 _a131 ص
490 _aالهيئة العامة للاستعلامات
_v0
650 0 4 _aالادب العربى
650 0 4 _aالادب
650 0 4 _aالقصص الانجليزية
650 0 4 _aالادب الانجليزى
942 _2ddc
_cBK
999 _c50542
_d50542